La casa del arco iris (Registro nro. 591)
[ vista simple ]
| 000 -CABECERA | |
|---|---|
| Longitud fija campo de control | 01432nam a2200289Ia 4500 |
| 005 - • FECHA Y HORA DE LA ÚLTIMA TRANSACCIÓN | |
| Fecha y hora de la última transacción | 20220316235323.0 |
| 008 - • CÓDIGOS DE INFORMACIÓN DE LONGITUD FIJA | |
| Códigos de información de longitud fija | 121119s2003 ck gr 000 f spa |
| 020 ## - • NÚMERO INTERNACIONAL NORMALIZADO PARA LIBROS | |
| Número Internacional Normalizado para Libros (ISBN) | 9583003344 |
| 041 0# - • CÓDIGO DE LENGUA | |
| Código de lengua del texto/banda sonora o título independiente | spa |
| 040 ## - FUENTE DE LA CATALOGACIÓN | |
| Centro catalogador de origen | CO-BoRNBP |
| Lengua de catalogación | spa |
| Normas de descripción | rda |
| Centro transcriptor | CO-BoRNBP |
| 084 ## - • Clasificación Local Alfanúmerica PNLB | |
| Número de clasificación | N BUI1 |
| 100 1# - • PUNTO DE ACCESO PRINCIPAL-NOMBRE DE PERSONA | |
| Nombre de persona | Buitrago, Fanny, |
| Fechas asociadas al nombre | 1946- |
| 245 13 - • TITULO PROPIAMENTE DICHO | |
| Título | La casa del arco iris |
| Resto del título | una novela de la infancia |
| Mención de responsabilidad, etc. | Fanny Buitrago ; ilustraciones, Henry González |
| 250 ## - • MENCIÓN DE EDICIÓN | |
| Mención de edición | Segunda reimpresión |
| 264 #1 - PRODUCCIÓN, PUBLICACIÓN , DISTRIBUCIÓN, FABRICACIÓN Y COPYRIGHT | |
| Lugar de producción, publicación, distribución, fabricación | Bogotá |
| Nombre del productor, editor, distribuidor, fabricante | Panamericana |
| Fecha de de producción, publicación, distribución, fabricación o copyright | 2003 |
| 300 ## - • DESCRIPCIÓN FÍSICA | |
| Extensión | 186 páginas |
| Otras características físicas | ilustraciones |
| Dimensiones | 21 cm. |
| 336 ## - TIPO DE CONTENIDO | |
| Término de tipo de contenido | texto |
| Código de tipo de contenido | txt |
| Fuente | rdacontent |
| 337 ## - TIPO DE MEDIO | |
| Nombre del tipo de medio | sin mediación |
| Código del tipo de medio | n |
| Fuente | rdamedia |
| 338 ## - TIPO DE SOPORTE | |
| Nombre del tipo de soporte | volumen |
| Código del tipo de soporte | nc |
| Fuente | rdacarrier |
| 490 0# - • MENCIÓN DE SERIE | |
| Mención de serie | Literatura |
| 505 2# - • NOTA DE CONTENIDO CON FORMATO | |
| Nota de contenido con formato | Primera parte La carta ; El regalo del abuelo ; ¡Adióooss...talegos de arroz...! ; El primo Lucho ; El jardín de la abuela ; Días de cumpleaños ; Señoras al revés ; Todos para el cine ; Pompas de jabón ; Barquitos de papel ; La caja musical ; Segunda parte Lucho no quiere recitar ; ¿Quiénes son los niños? ; Tilín tilán tilón ; Papá y el tío Ruperto ; Los recuerdos ; Minisicuí ; El árbol ; La mejor película ; El oso saltarín ; Feliz Navidad |
| 650 14 - • PUNTO DE ACCESO ADICIONAL DE MATERIA - TÉRMINO DE MATERIA | |
| Fuente del encabezamiento o término | LEMB |
| Término de materia o nombre geográfico como elemento inicial | Novela infantil colombiana |
| Subdivisión cronológica | Siglo XX |
| 650 14 - • PUNTO DE ACCESO ADICIONAL DE MATERIA - TÉRMINO DE MATERIA | |
| Fuente del encabezamiento o término | LEMB |
| Término de materia o nombre geográfico como elemento inicial | Literatura infantil colombiana |
| Subdivisión cronológica | Siglo XX |
| 650 14 - • PUNTO DE ACCESO ADICIONAL DE MATERIA - TÉRMINO DE MATERIA | |
| Fuente del encabezamiento o término | LEMB |
| Término de materia o nombre geográfico como elemento inicial | Naturaleza |
| Subdivisión de forma | Cuentos |
| 700 1# - • PUNTO DE ACCESO ADICIONAL - NOMBRE DE PERSONA | |
| Nombre de persona | González, Henry |
| Término indicativo de función | ilustrador |
| 942 ## - ENTRADA DE ELEMENTOS AGREGADOS (KOHA) | |
| Fuente de clasificaión o esquema | |
| Koha [por defecto] tipo de item | Libro Literatura |
| Perdido | Fuente de clasificación o esquema | Estado Físico | No para préstamo | Forma de adquisición | Localización permanente | Localización actual | Localización en estanterías | Fecha adquisición | Signatura completa | Código de barras | Fecha última consulta | Número de copia | Fecha del precio de reemplazo | Tipo de item de Koha | Préstamos totales | Fuente de adquisición |
|---|---|---|---|---|---|---|---|---|---|---|---|---|---|---|---|---|
| Dewey Decimal Classification | Infantil | Biblioteca Pública Dorado | Biblioteca Pública Dorado | Sala Infantil | 02/27/2023 | NBUI1 | DOR02209 | 02/27/2023 | Ej.1 | 02/27/2023 | Libro Literatura | |||||
| Dewey Decimal Classification | Colección General | Biblioteca Pública Puerto Lleras | Biblioteca Pública Puerto Lleras | Literatura | 06/17/2024 | NBUI1 | PLL01474 | 06/17/2024 | Ej.1 | 06/17/2024 | Libro Literatura | |||||
| Dewey Decimal Classification | Infantil | Biblioteca Pública Puerto López - Jorge Eliecer Gaitán | Biblioteca Pública Puerto López - Jorge Eliecer Gaitán | Sala Infantil | 05/28/2025 | N BUI1 | PLZ01417 | 05/28/2025 | Ej.1 | 05/28/2025 | Libro Literatura | |||||
| Dewey Decimal Classification | Sala Infantil Segundo Piso | Biblioteca Pública Acacias - Carlos María Hernández Rojas | Biblioteca Pública Acacias - Carlos María Hernández Rojas | Sala Infantil | 10/13/2023 | N BUI | ACA17906 | 10/13/2023 | Ej.1 | 10/13/2023 | Libro Literatura | |||||
| Dewey Decimal Classification | Literatura General | Biblioteca Pública Granada - Boca del Monte | Biblioteca Pública Granada - Boca del Monte | Literatura | 05/04/2026 | N BUI1 | GRDA08016 | 05/04/2026 | Ej.1 | 05/04/2026 | Libro Literatura | BIBLIOTECA NACIONAL | ||||
| Dewey Decimal Classification | Colección General | Biblioteca Pública Guamal | Biblioteca Pública Guamal | Literatura | 11/29/2022 | N BUI1 | GUA000031 | 11/29/2022 | Ej.1 | 11/29/2022 | Libro Literatura | |||||
| Dewey Decimal Classification | Infantil | Biblioteca Pública Puerto Rico | Biblioteca Pública Puerto Rico | Sala Infantil | 04/24/2023 | NBUI1 | PR000001095 | 04/24/2023 | Ej.1 | 04/24/2023 | Libro Literatura |